000 00718nam a2200205Ii 4500
003 JO-AjNU
008 230605s9999||||xx |||||||||||||| ||und||
017 _a2893
040 _aJO-AjNU
_bara
_erda
_cJO-AjNU
041 _aara
050 1 4 _aT27.L8732 1979
100 3 _aاحمد ، لطفي بركات احمد,
_eauthor
_936539
245 0 0 _aالتربية والتكنولوجيا في الوطن العربي
264 3 1 _aالسعودية:دار المريخ للنشر، 1979
300 _a160ص
336 _atext
_btxt
_2rdacontent
337 _aunmediated
_bn
_2rdamedia
338 _avolume
_bnc
_2rdacarrier
650 4 _aتكنولوجيا التعليم--التربية-الوطن العربي
_936540
999 _aA15190
_c18758
_d18758